Knowledge and society : (Record no. 75100)

MARC details
000 -LEADER
fixed length control field 00806nam a22002537a 4500
005 - DATE AND TIME OF LATEST TRANSACTION
control field 20130506120808.0
010 ## - LCCN (DPL NO)
LC control number ENG-106973
020 ## - INTERNATIONAL STANDARD BOOK NUMBER
International Standard Book Number 9780198090465
Terms of availability 850.00
020 ## - INTERNATIONAL STANDARD BOOK NUMBER
International Standard Book Number 0198090463
Terms of availability 850.00
035 ## - SYSTEM CONTROL NUMBER
System control number EN-90506
037 ## - SOURCE OF ACQUISITION
Source of stock number/acquisition DBAD/PUB
082 ## - DEWEY DECIMAL CLASSIFICATION NUMBER
Classification number 301
100 1# - MAIN ENTRY--PERSONAL NAME
Personal name Oommen, T.K.
245 10 - TITLE STATEMENT
Title Knowledge and society :
Statement of responsibility, etc by T.K. Oommen
Remainder of title situating sociology and social anthropology /
250 ## - EDITION STATEMENT
Edition statement rev.ed
260 ## - PUBLICATION, DISTRIBUTION, ETC. (IMPRINT)
Place of publication, distribution, etc New Delhi
Name of publisher, distributor, etc Oxford University Press
Date of publication, distribution, etc 2013
270 ## - ADDRESS
Address YMCA Library Building, 1 Jai Singh Road
City New Delhi
Postal code 110001
300 ## - PHYSICAL DESCRIPTION
Extent x,265p.
Dimensions 22cm(Hb)
500 ## - GENERAL NOTE
General note Includes bibliographical references and index
650 ## - SUBJECT ADDED ENTRY--TOPICAL TERM
Topical term or geographic name as entry element Sociology
Geographic subdivision India.
650 ## - SUBJECT ADDED ENTRY--TOPICAL TERM
Topical term or geographic name as entry element Sociology
General subdivision Methodology.
650 ## - SUBJECT ADDED ENTRY--TOPICAL TERM
Topical term or geographic name as entry element Ethnology
Geographic subdivision India.
942 ## - ADDED ENTRY ELEMENTS (KOHA)
Source of classification or shelving scheme Dewey Decimal Classification
Item type English Books
Call number suffix OOM
Classification part 301
Holdings
Withdrawn status Lost status Not for loan Collection code Home library Current library Date acquired Source of acquisition Cost, normal purchase price Full call number Barcode Copy number Cost, replacement price Koha item type
    Not For Loan Non-fiction D.B.Act.Division D.B.Act.Division 03/05/2013 DBAD/PUB 850.00 301 OOM EN-90506 1 850.00 English Books

© Delhi Public Library
Hit Counter
free hit counter